| 000 | 00995nam a2200301 i 4500 | ||
|---|---|---|---|
| 001 | bg | ||
| 100 | 1 |
_aWells, H. G. _d(1866-1946). |
|
| 245 | 1 | 0 |
_aWehikuł czasu / _cHerbert George Wells ; przekł. Feliks Wermiński. |
| 246 | 1 |
_iTyt. oryg.: _aTime machine |
|
| 260 |
_a[s.l.] : _bMediasat Group, _c2005. |
||
| 300 |
_a123 [2] s. ; _c21 cm. |
||
| 490 | 1 |
_aBiblioteka Gazety Wyborczej : XIX wiek ; _v3 |
|
| 500 | _aTyt. oryg.: "The Time Machine" | ||
| 500 | _aWyd. we współpr. merytorycznej z Zakładem Narodowym im. Ossolińskich - Wydawnictwo, Wrocław. | ||
| 650 | 9 |
_aPowieść angielska _y19 w. |
|
| 700 | 1 |
_aWermiński, Feliks _d(1860-1917). _eTł. |
|
| 830 | 0 |
_aBiblioteka Gazety Wyborczej ; _v3 |
|
| 020 | _a8498191645 (całość) | ||
| 020 | _a849819167X | ||
| 040 | _cBPK | ||
| 041 | 1 |
_apol _heng |
|
| 044 | _aPOL | ||
| 080 | _a821.111-3 | ||
| 920 | _a84-9819-164-5 (całość) | ||
| 920 | _a84-9819-167-X | ||
| 942 | _cKS | ||
| 008 | s pl f |000 0 pol | ||
| 999 |
_c55690 _d55690 |
||
| 856 |
_uhttp://koha.tu.koszalin.pl/cgi-bin/koha/opac-detail.pl?biblionumber=55690 _yKatalog online BPK |
||